000 00487nam a2200205Ia 4500
001 14380
003 GE_BSU
008 181216s||||||||xx |||||||||||||| ||und||
020 _a045002438
040 _cGE_BSU
080 _a821.111-312.4
100 _aSayers, Dorothy L. and Robert Eustace
245 4 _aThe documents in the Case
260 _aLondon
260 _bHodder & Stoughton
260 _c2003
300 _a260p.18cm.
653 _aThe documents in the Case
942 _cBK
999 _c47516
_d47516